JOURNAL OF PLANT BREEDING (ZEITSCHRIFT FUR PFLANZENZUCHTUNG) (Record no. 12841)

MARC details
000 -LEADER
fixed length control field 00516nam a2200157Ia 4500
022 ## - INTERNATIONAL STANDARD SERIAL NUMBER
ISSN 0044-3298
245 #0 - TITLE STATEMENT
Title JOURNAL OF PLANT BREEDING (ZEITSCHRIFT FUR PFLANZENZUCHTUNG)
246 ## - VARYING FORM OF TITLE
Title proper/short title Plant Breeding (Zeitschrift Fur Pflanzensuchtung)
260 ## - PUBLICATION, DISTRIBUTION, ETC. (IMPRINT)
Name of publisher Paul Parey Scientific Publishers, Berlin
Place of publication Germany
310 ## - CURRENT PUBLICATION FREQUENCY
Current publication frequency 3vy
500 ## - GENERAL NOTE
General note Ending Volume & Year: 96, 1986
500 ## - GENERAL NOTE
General note Missing Volume: 94(4)
500 ## - GENERAL NOTE
General note Starting Volume & Year: 86, 1981
942 ## - ADDED ENTRY ELEMENTS (KOHA)
Koha item type Bound Journal
Holdings
Withdrawn status Lost status Damaged status Not for loan Home library Current library Date acquired Accession Number Koha item type
      Bound journals RRII Library RRII Library 31/12/2021 12687J Bound Journal